Bytový dom

Na minha lista:
Detalhes bibliográficos
Autor principal: Langová, Katarína (Author)
Outros Autores: Vargová, Andrea (Thesis advisor)
Formato: Manuscrito Livro
Idioma:eslovaco
Publicado em: 2025
Assuntos:
Acesso em linha:http://is.stuba.sk/zp/portal_zp.pl?podrobnosti=168410
CRZP
Tags: Adicionar Tag
Sem tags, seja o primeiro a adicionar uma tag!

MARC

LEADER 00000ntm a22000003a 4500
001 stuzp104542
003 SK-STU
005 20250728133103.0
007 ta
008 150427s2015----xo-----f-mn---000-0-slo-d
040 |a STU  |b slo 
041 0 |a slo 
100 1 |a Langová, Katarína  |u 010180  |4 aut  |U SvF Stavebná fakulta  |T SvF Katedra konštrukcií pozemných stavieb  |X 115730  |U V180  |Y 18  |7 115730 
242 0 1 |a Residential house  |y eng 
245 1 0 |a Bytový dom 
260 |c 2025 
650 4 |a byt  |2 slo 
650 4 |a konštrukcie  |2 slo 
650 4 |a architektúra  |2 slo 
650 4 |a polyfunkcia  |2 slo 
650 4 |a construction  |2 eng 
650 4 |a architecture  |2 eng 
650 4 |a apartment  |2 eng 
650 4 |a polyfunction  |2 eng 
700 1 |a Vargová, Andrea  |u 010180  |k Z1  |4 ths  |U SvF Stavebná fakulta  |T SvF Katedra konštrukcií pozemných stavieb  |X 618  |U V180  |Y 18  |7 A000000618 
856 4 |u http://is.stuba.sk/zp/portal_zp.pl?podrobnosti=168410 
856 4 |u https://opac.crzp.sk/?fn=detailBiblioForm&sid=4013D2F8FE5692F45EC92F4F6B33  |z CRZP